Postavenie Indie v rámci krajín BRICS

Postavenie Indie v rámci krajín BRICS a odporúčania pre jej budúci možný vývoj a efektívnejšiu pozíciu nielen v rámci týchto krajín, ale aj v celkovom svetovom hospodárstve.

Guardado en:
Detalles Bibliográficos
Autor principal: Kašťáková, Elena, 1974-
Otros Autores: Steranková, Anna
Formato: Capítulo de libro
Lenguaje:eslovaco
Materias:
Etiquetas: Agregar Etiqueta
Sin Etiquetas, Sea el primero en etiquetar este registro!

MARC

LEADER 00000nla a2200000 4500
001 0175998
005 20240502073013.3
041 0 |a slo 
044 |a SK 
245 1 0 |a Postavenie Indie v rámci krajín BRICS  |c Elena Kašťáková, Anna Steranková 
520 |a Postavenie Indie v rámci krajín BRICS a odporúčania pre jej budúci možný vývoj a efektívnejšiu pozíciu nielen v rámci týchto krajín, ale aj v celkovom svetovom hospodárstve. 
610 2 0 |a BRICS 
610 2 0 |a India 
610 2 0 |a krajiny rozvojové 
610 2 0 |a vzťahy hospodárske medzinárodné 
610 2 0 |a politika hospodárska medzinárodná 
610 2 0 |a hospodárstvo svetové 
100 1 |a Kašťáková, Elena, 1974- 
700 1 |a Steranková, Anna